| 000 | 01030cab a2200253 4500 | ||
|---|---|---|---|
| 001 | ABS53262 | ||
| 008 | 090401t1995 xxu||||| |||| 00| 0 eng d | ||
| 035 | _a(Sirsi) u3058 | ||
| 041 | _aeng | ||
| 100 | _aBrymer, S. | ||
| 245 | _aKeep-open clauses | ||
| 260 | _c1995 | ||
| 350 | _a0 | ||
| 490 |
_aProperty Law _v(15) June 1995, 2-4(3) |
||
| 520 | _aConsiders recent Scottish cases on `continuous trading` or `keep open` clauses in shopping centre leases, "Church Commissioners of England v Nationwide Building Society" (1994 SLT 897), "Church Commissioners of England v Abbey National plc" (1994 SLT 959), "Overgate Centre Ltd v William Low Supermarkets Ltd" and "Retail Parks Investments Ltd v Royal Bank of Scotland plc" (WB3116-77). | ||
| 650 | _aCONTINUOUS TRADING CLAUSES | ||
| 650 | _aCOSTAIN PROPERTY DEVELOPMENTS LTD V FINLAY & CO | ||
| 650 | _aKEEP OPEN CLAUSES | ||
| 650 | _aLEASES | ||
| 650 | _aSHOPPING CENTRES | ||
| 690 | _aLANDLORD AND TENANT-BUSINESS TENANCIES | ||
| 942 | _n0 | ||
| 948 | _c04/03/1997 | ||
| 999 |
_c1847 _d1847 |
||